Universo para principiantes (Registo nº 862)
[ vista simples ]
| 000 -Etiqueta do registo | |
|---|---|
| Cabeçalho | 01069cam a22003733i 4500 |
| 005 - Identificador da versão | |
| Campo de controlo | 20240813121817.0 |
| 095 ## - | |
| -- | PTBN00846260 |
| 010 ## - Número internacional normalizado dos livros (ISBN) | |
| Número (ISBN) | 9722013386 |
| 021 ## - Número do Depósito Legal | |
| Código do país | PT |
| Número | 102302/96 |
| 035 ## - Other System Control Numbers | |
| System Control Number | 0000930 |
| System Control Number | 0000923 |
| System Control Number | 0000909 |
| 100 ## - Dados gerais de processamento | |
| Dados gerais de processamento | 19961127d1996 e y0pory5003 ba |
| 102 ## - Pais de publicação ou produção | |
| País de publicação | Portugal |
| 101 1# - Língua de publicação | |
| Língua do texto, banda sonora, etc. | Português |
| Língua do documento no original | Inglês |
| 106 ## - Campo de dados codificados: material textual | |
| Dados codificados do material textual | r |
| 105 ## - Campo de dados codificados: livros | |
| Dados codificados dos livros | a z 000yy |
| 215 ## - Descrição física | |
| Indicação específica da natureza do documento e extensão da espécie | 178 p. |
| Outras indicações físicas | il. |
| Dimensões | 21 cm |
| 200 1# - Titulo e menção de responsabilidade | |
| Título próprio | Universo para principiantes |
| Primeira menção de responsabilidade | Felix Pirani, Christine Roche |
| Outras menções de responsabilidade | trad. J. Freitas e Silva |
| -- | rev. Luís Filipe Coelho |
| 225 2# - Colecção | |
| Título próprio da colecção | Para principiantes |
| 205 ## - Menção da edição | |
| Menção da edição | 1ª ed |
| 210 ## - Publicação, Distribuição, etc. | |
| Lugar da edição, distribuição, etc. | Lisboa |
| Nome do editor, distribuidor, etc. | D. Quixote |
| Data da publicação, distribuição, etc. | 1996 |
| 304 ## - Notas relativas a título e menção de responsabilidade | |
| Texto da nota | Tít. orig.: The universe for beginners |
| 675 ## - Classificação Decimal Universal (CDU) | |
| Notação | 087.5 |
| Edição | BN |
| Língua da edição | por |
| Notação | 122/129 |
| Edição | BN |
| Língua da edição | por |
| 702 ## - Nome de autor-pessoa física (responsabilidade secundária) | |
| Número de registo de entrada de autoridade | 0001109 |
| Palavra de ordem | Silva |
| Outra parte do nome não tomada para palavra de ordem | J. Freitas e |
| Código de função | Tradutor |
| Número de registo de entrada de autoridade | 0001125 |
| Palavra de ordem | Coelho |
| Outra parte do nome não tomada para palavra de ordem | Luís Filipe |
| Código de função | Revisor |
| 701 ## - Nome de autor-pessoa física (co-responsabilidade principal) | |
| Palavra de ordem | Roche |
| Outra parte do nome não tomada para palavra de ordem | Christine |
| Código de função | Autor / Co-autor |
| 700 ## - Nome de autor-pessoa física (responsabilidade principal) | |
| Número de registo de entrada de autoridade | 0001123 |
| Palavra de ordem | Pirani |
| Outra parte do nome não tomada para palavra de ordem | Felix |
| 966 ## - Identificação da Biblioteca | |
| Sigla | NUMETECA |
| 942 ## - Elementos de entrada adicionados (Koha) | |
| Tipo de item no Koha | Livro |
| Situação do levantamento | Origin of item (home branch) (coded) | Biblioteca de empréstimo | Código de barras | Cota | Circulation type (not for loan) | Tipo de documento | Nota do exemplar | Damaged status |
|---|---|---|---|---|---|---|---|---|
| Biblioteca Escolar Eng. Nuno Mergulhão | Biblioteca Escolar Eng. Nuno Mergulhão | BENM1565 | 5AST PIR | Livro | Sem mensagem |
